000
00217 a2200097 4500
001
21510
100
_a
Tweney, C. F.
245
_a
Chamber's technical dictionary
260
_a
_b
Chambers
_c
1963
090
_c
15135
_d
15135
942
_a
NUST-CAE
_c
M
_c
5709
999
_c
256583
_d
256583